000 00421nam a2200133Ia 4500
008 100328s9999 xx 000 0 und d
082 _b63273
100 _aकणेकर शिरीष.
245 _aवेचक शिरीष कणेकर.
260 _bदिलीप.
630 _aवेचक शिरीष कणेकर.
730 _aवेचक शिरीष कणेकर.
942 _cBOOK
999 _c549166
_d549163